Fr. Conceicao Rodrigues College of Engineering

OSI Protocol Confromance testing IS9646 explained (Record no. 24961)

MARC details
000 -LEADER
fixed length control field 00326nam a2200145Ia 4500
082 ## - DEWEY DECIMAL CLASSIFICATION NUMBER
Classification number 4.62
Item number KNI
100 ## - MAIN ENTRY--PERSONAL NAME
Personal name Knightson/Keith G
245 ## - TITLE STATEMENT
Title OSI Protocol Confromance testing IS9646 explained
260 ## - PUBLICATION, DISTRIBUTION, ETC.
Name of publisher, distributor, etc. Mc Graw Hill
Date of publication, distribution, etc. 1993
300 ## - PHYSICAL DESCRIPTION
Extent 238
546 ## - LANGUAGE NOTE
Language note ENGLISH
654 ## - SUBJECT ADDED ENTRY--FACETED TOPICAL TERMS
Focus term Protocol
942 ## - ADDED ENTRY ELEMENTS (KOHA)
Koha item type BOOK
Holdings
Withdrawn status Lost status Damaged status Not for loan Collection Home library Current library Date acquired Total Checkouts Full call number Barcode Date last seen Price effective from Koha item type
        CRC Fr. Agnel's C.Rodrigues College of Engineering Fr. Agnel's C.Rodrigues College of Engineering 17/03/2023   4.62 KNI 10489 17/03/2023 17/03/2023 BOOK